banner koha

Estenose esofágica em duas cadelas após ovário-histerectomia: relato de caso (Registro n. 300433)

MARC details
000 -LÍDER
fixed length control field 03362nab a2200361 i 4500
003 - CÓDIGO MARC DA AGÊNCIA CATALOGADORA
Campo de controle BR-BrBNA
005 - DATA E HORA DA ÚLTIMA ATUALIZAÇÃO
Campo de controle 20240708100527.0
008 - CAMPO DE TAMANHO FIXO
fixed length control field 240708b2017 bl.|r|pooa||| 00| 0 por |
040 ## - FONTE DA CATALOGAÇÃO
Agência catalogadora BR-BrBNA
Idioma da catalogação por
072 ## - CATEGORIA AGRIS
Código AGRIS L70
Código do objeto 5400
072 ## - CATEGORIA AGRIS
Código AGRIS L74
100 ## - ENTRADA PRINCIPAL - NOME PESSOAL
Nome pessoal Luciani, M.G.
100 ## - ENTRADA PRINCIPAL - NOME PESSOAL
Nome pessoal Biezus, G.
100 ## - ENTRADA PRINCIPAL - NOME PESSOAL
Nome pessoal Cardoso, H.M.
100 ## - ENTRADA PRINCIPAL - NOME PESSOAL
Nome pessoal Müller, T.R.
100 ## - ENTRADA PRINCIPAL - NOME PESSOAL
Nome pessoal Ferian, P.E.
100 ## - ENTRADA PRINCIPAL - NOME PESSOAL
Nome pessoal Souza, L.P.
100 ## - ENTRADA PRINCIPAL - NOME PESSOAL
Nome pessoal Souza, D.S.
100 ## - ENTRADA PRINCIPAL - NOME PESSOAL
Nome pessoal Casagrande, R.A.
245 ## - TÍTULO PRINCIPAL
Título principal Estenose esofágica em duas cadelas após ovário-histerectomia: relato de caso
500 ## - NOTA GERAL
Nota geral Publicação online; 12 ref.; Summaries (En, Pt)
942 ## - ADDED ENTRY ELEMENTS (KOHA)
Koha item type
520 ## - NOTA DE RESUMO
Nota de conteúdo <br/><br/>RESUMO - A estenose esofágica benigna é uma afecção rara em pequenos animais, comumente secundária a esofagites ulcerativas. O refluxo gastroesofágico, frequente durante procedimentos anestésicos, é a principal causa de esofagite grave, com consequente formação de cicatriz esofágica. O presente trabalho tem por objetivo descrever dois casos de estenose esofágica ocorrentes após ovário-histerectomia, com destaque para os procedimentos diagnósticos realizados. Em ambos os casos, a combinação dos sinais clínicos sugestivos e os achados de esofagograma e esofagoscopia foram determinantes. No primeiro caso, devido ao tempo avançado de desenvolvimento dos sinais clínicos, o paciente veio a óbito antes mesmo que a intervenção direta da região de estenose fosse realizada. Já no segundo, o procedimento de gastrostomia para melhor manejo alimentar, associado à dilatação esofágica via esofagoscopia e à terapia com medicamentos antiácidos, resultou em melhora clínica.<br/><br/><br/>Palavras-chave: canino, esofagite, cicatriz esofágica, estenose esofágica, refluxo gastroesofágico
520 ## - NOTA DE RESUMO
Nota de conteúdo <br/><br/>ABSTRACT - Benign esophageal stricture is a rare affection in small animals, usually secondary to ulcerative esophagitis. Gastroesophageal reflux, frequent during anesthetic procedures, is the main cause of severe esophagitis with consequent formation of esophageal cicatrix. The objective of this work is to describe two cases of esophageal stricture occurring after ovariohysterectomy, highlighting the diagnostic procedures performed. In both cases, the combination of the suggestive clinical signs and findings from an esophagram and an esophagoscopy were determinants. In the first case, due to the advanced stage of the clinical signs, the patient died before direct interventions on the stenosis region were performed. But in the second case, the gastrostomy procedures for better feed management associated with esophageal dilatation by esophagoscopy and therapy with antacids resulted in clinical improvement.<br/><br/><br/>Keywords: dog, esophagitis, esophageal cicatrix, esophageal stricture, gastroesophageal reflux
650 ## - ASSUNTO - THESAGRO
Cabeçalho tópico ou nome geográfico CÃO
650 ## - ASSUNTO - THESAGRO
Cabeçalho tópico ou nome geográfico ESOFAGITE
650 ## - ASSUNTO - THESAGRO
Cabeçalho tópico ou nome geográfico ESTENOSE
650 ## - ASSUNTO - THESAGRO
Cabeçalho tópico ou nome geográfico DISTÚRBIO FISIOLÓGICO
650 ## - ASSUNTO - THESAGRO
Cabeçalho tópico ou nome geográfico VETERINÁRIA
773 0# - ENTRADA ANALÍTICA
Host Biblionumber 1643
Registro do item 316242
Imprenta Belo Horizonte-MG Universidade Federal de Minas Gerais - Escola de Veterinaria 1983
Outro identificador 2024-2643
Título Arquivo Brasileiro de Medicina Veterinária e Zootecnia (Brazil)
ISSN 0102-0935
Colação v. 69(4) p. 908-914; (2017)
Número de controle de registro BR2024001655
856 ## - ACESSO E ENDEREÇO ELETRÔNICO
Identificador uniforme de recurso - URI https://www.scielo.br/j/abmvz/a/gKz7vKtvB56zRQMr5CKHXxL/?format=pdf&lang=pt

Nenhum exemplar disponível.

BINAGRI

Telefone: (61)3218-2567/2388/3357/2097 - binagri@agro.gov.br

Ministério da Agricultura e Pecuária , Esplanada dos Ministérios, Bloco D, Anexo B, Brasília/DF, CEP: 70.043-900